<?xml version="1.0" encoding="UTF-8"?><?xml-stylesheet type="text/xsl" href="static/style.xsl"?><OAI-PMH xmlns="http://www.openarchives.org/OAI/2.0/" xmlns:xsi="http://www.w3.org/2001/XMLSchema-instance" xsi:schemaLocation="http://www.openarchives.org/OAI/2.0/ http://www.openarchives.org/OAI/2.0/OAI-PMH.xsd"><responseDate>2026-06-07T07:12:40Z</responseDate><request verb="GetRecord" identifier="oai:recam.amb.cat:20.500.14439/4712" metadataPrefix="marc">https://recam.amb.cat/rest/oai/request</request><GetRecord><record><header><identifier>oai:recam.amb.cat:20.500.14439/4712</identifier><datestamp>2026-04-23T23:46:01Z</datestamp><setSpec>com_20.500.14439_2794</setSpec><setSpec>com_20.500.14439_113</setSpec><setSpec>col_20.500.14439_4201</setSpec></header><metadata><record xmlns="http://www.loc.gov/MARC21/slim" xmlns:dcterms="http://purl.org/dc/terms/" xmlns:xsi="http://www.w3.org/2001/XMLSchema-instance" xmlns:doc="http://www.lyncode.com/xoai" xsi:schemaLocation="http://www.loc.gov/MARC21/slim http://www.loc.gov/standards/marcxml/schema/MARC21slim.xsd">
   <leader>00925njm 22002777a 4500</leader>
   <datafield ind2=" " ind1=" " tag="042">
      <subfield code="a">dc</subfield>
   </datafield>
   <datafield ind2=" " ind1=" " tag="720">
      <subfield code="a">Institut d'Estudis Regionals i Metropolitans de Barcelona</subfield>
      <subfield code="e">author</subfield>
   </datafield>
   <datafield ind2=" " ind1=" " tag="260">
      <subfield code="c">1997-11-01</subfield>
   </datafield>
   <datafield ind2=" " ind1=" " tag="520">
      <subfield code="a">En total s'inclouen set articles. Els tres primers, obra, respectivament, de l'enginyer Albert Serratosa i dels arquitectes Ricard Pié i Amador Ferrer, tracten del procés de redacció del Pla, des dels inicis de la revisió del Pla Comarcal de 1953 fins a la versió de 1974 i la definitiva de 1976. El treball de l'arquitecte Fernando de Terán, inclòs a continuació, exposa el context urbanístic espanyol dels anys setanta, en el qual el Pla fou redactat i aprovat. Finalment, les ponències del periodista Josep Maria Huertas Claveria i dels arquitectes Juli Esteban i Joan Antoni Solans tracten del procés de desplegament del Pla al llarg de la seva vigència: des de la rebuda dels seus primers passos pel moviment veïnal (Huertas), fins als progressius canvis d'escala de les actuacions (Esteban) i els canvis induïts pel Pla en la cultura urbanística barcelonina i catalana (Solans).
Els treballs recollits permeten, dons, una visió aprofundida del procés de gestació i de desplegament del Pla, redactat per alguns dels principals artifexs de la seva redacció i de la seva aplicació posterior. El seminari, que fou dirigit per Amador Ferrer, Ricard Pié i Oriol Nel·lo, es clogué amb un debat sobre el futur del Pla moderat per aquest darrer, en el qual participaren els arquitectes Antonio Font, José Antonio Acebillo i Santiago Juan, l'economista Joan Trullén i el promotor immobiliari Felip Massot.</subfield>
   </datafield>
   <datafield ind1="8" ind2=" " tag="024">
      <subfield code="a">8488068506</subfield>
   </datafield>
   <datafield ind1="8" ind2=" " tag="024">
      <subfield code="a">https://hdl.handle.net/20.500.14439/4712</subfield>
   </datafield>
   <datafield ind1="8" ind2=" " tag="024">
      <subfield code="a">B 49745-1997</subfield>
   </datafield>
   <datafield tag="653" ind2=" " ind1=" ">
      <subfield code="a">Ordenació del territori</subfield>
   </datafield>
   <datafield tag="653" ind2=" " ind1=" ">
      <subfield code="a">Urbanisme</subfield>
   </datafield>
   <datafield tag="653" ind2=" " ind1=" ">
      <subfield code="a">Ciutats</subfield>
   </datafield>
   <datafield ind2="0" ind1="0" tag="245">
      <subfield code="a">Els 20 anys del pla general metropolità de Barcelona. Papers, 28</subfield>
   </datafield>
</record></metadata></record></GetRecord></OAI-PMH>